000 00817cam a22002651 4500
001 31518
003 BD-RjUL
005 20211209051718.0
008 140420s1941 mauc b 001 0 eng d
035 _a(BD-RjUL)31606
035 _a(OCoLC)349115
040 _aDLC
_cOYesA
_dOCoLC
_dDLC
_dBD-RjUL
_beng
041 _aeng
082 0 0 _a193
_bBRN 1941
100 1 _aBrinton, Crane,
_d1898-1968.
_952938
245 1 0 _aNietzsche /
_cby Crane Brinton
260 _aCambridge, Mass. :
_bHarvard university press,
_c1941.
300 _axvii, 266 p. :
_bill.;
_c22 cm.
490 0 _aMakers of modern Europe
504 _aBibliographical foot-notes. Bibliography: p.[245]-259. and Index
600 1 0 _aNietzsche, Friedrich Wilhelm,
_d1844-1900.
_93589
942 _2ddc
_cBK
999 _c31518
_d31518